States By Gun Violence - Statistics

General Stats
  • This quiz has been taken 54 times
  • The average score is 16 of 20
Answer Stats
Firearm Deaths/100,000 People State % Correct
21.4 Alabama
91%
19.8 Mississippi
91%
23 Alaska
89%
14.9 Georgia
86%
17.7 Arkansas
84%
18.2 New Mexico
84%
17 Tennessee
84%
17.5 Kentucky
82%
17.5 Wyoming
80%
15.2 Arizona
77%
21.2 Louisiana
77%
19.6 Oklahoma
77%
17.7 South Carolina
77%
17.5 West Virginia
77%
18.8 Missouri
75%
16.7 Nevada
75%
14.6 Idaho
73%
14.9 Indiana
73%
19 Montana
73%
14.3 Colorado
68%
No matching quizzes found
Score Distribution
Percent of People with Each Score
Percentile by Number Answered
Your Score History
You have not taken this quiz